1498 1672 1982 1068 1827 1436 1407 1527 1322 1654 1229 1917 1163 1175 1846 1419 1831 1189 1596 1483 1447 1666 1916 1740 1168 1806 1144 1963 1593 1359 1164 1782 1870 1808 1229 1888 1209 1531 1747 1361 1664 1313 1890 1115 1415 1922 1253 1574 1675 1588 1672 1580 1028 1005 1382 1692 1535 1854 1281 1909 1443 1275 1533 1819 1231 1111 1882 1784 1803 1686 1156 1230 1383 1117 1052 1360 1856 1192 1484 1597 1418 1618 1400 1209 1191 1387 1273 1039 1702 1319 1182 1250 1315 1426 1454 1515 1731 1171 1534 BCNSPRNW ULIB Ver.6.0+V

เปลี่ยนเป็นภาษาไทย

Change to English
 แสดงรายละเอียดบรรณานุกรม
  กลับหน้าหลัก

Brief Record : Get Marc (ISO 2709) : E-mail record : QR code < ปิดหน้าต่าง
LEADER : 00000nas 2200000uu 4500
001    13399114172
003     ULIB
008    120228s||||||||th 000 0 tha d
022    ^a22290737
110    ^aเวชศาสตร์ป้องกันแห่งประเทศไทย
245    ^aวารสารสมาคมเวชศาสตร์ป้องกันแห่งประเทศไทย (วิทยาเขตนครสวรรค์)/^cเวชศาสตร์ป้องกันแห่งประเทศไทย
260    ^aพระนครศรีอยุธยา :^bห้องสมุดโรงพยาบาลพระนครศรีอยุธยา,^cม.ป.ป.
310    ^aรายสี่เดือน
850 ^a ULIB:campus^bปีที่ 2 ฉบับที่ 2 ;ปีที่ 2 ฉบับที่ 3 ;ปีที่ 3 ฉบับที่ 2 ;ปีที่ 5 ฉบับที่ 1 ฉ.1 ;ปีที่ 5 ฉบับที่ 2 ฉ.1 ;ปีที่ 7 ฉบับที่ 1 ฉ.1 ;ปีที่ 5 ฉบับที่ 2 ฉ.1 ;ปีที่ 6 ฉบับที่ 3 ฉ.1
945    ^p0^l0^i800068
945    ^p0^l0^i800111
945    ^p0^l0^i800373
945    ^p0^l0^i800490
945    ^p0^l0^i800714
945    ^p0^l0^i801498
945    ^p0^l0^i801499
945    ^p0^l0^i801976
945    ^p0^l0^i801977
945    ^p0^l0^i801978
999 ^a ใช้งานได้ทุกระบบ
รายการนี้ยังไม่มีแท็ก
คุณยังไม่ได้ล็อกอิน คุณสามารถมีกิจกรรมร่วมกับเว็บไซต์ได้ แต่ต้องล็อกอินก่อน ::
  ล็อกอิน

รายการสื่อสารสนเทศ (วารสาร)

ดูแบบ: กล่อง รายการ
ARRIVED
no call number
สถานที่: ห้องสมุดวิทยาเขตสวรรค์ประชารักษ์ >วารสาร
ARRIVED
ปีที่ 2 ฉบับที่ 2
สถานที่: ห้องสมุดวิทยาเขตสวรรค์ประชารักษ์ >วารสาร
ARRIVED
ปีที่ 2 ฉบับที่ 3
สถานที่: ห้องสมุดวิทยาเขตสวรรค์ประชารักษ์ >วารสาร
ARRIVED
ปีที่ 3 ฉบับที่ 2
สถานที่: ห้องสมุดวิทยาเขตนครสวรรค์ >วารสาร
ARRIVED
ปีที่ 5 ฉบับที่ 1 ฉ.1
สถานที่: ห้องสมุดวิทยาเขตนครสวรรค์ >วารสาร
ARRIVED
ปีที่ 5 ฉบับที่ 2 ฉ.1
สถานที่: ห้องสมุดวิทยาเขตนครสวรรค์ >วารสาร
ARRIVED
ปีที่ 7 ฉบับที่ 1 ฉ.1
สถานที่: ห้องสมุดวิทยาเขตนครสวรรค์ >วารสาร
ARRIVED
ปีที่ 6 ฉบับที่ 3 ฉ.1
สถานที่: ห้องสมุดวิทยาเขตนครสวรรค์ >วารสาร

BibComment


ยังไม่เคยถูกคอมเมนท์

คอมเมนท์ทรัพยากรรายการนี้
  คอมเมนท์: วารสารสมาคมเวชศา..


 Copyright 2026. Bcnsprnw @Library